000 00518nam a2200169Ia 4500
008 090201s9999 xx 000 0 und d
010 _aKPL-59051
040 _bमराठी
041 _aमराठी
082 _a5187
_b59051
100 _aविश्वास पाटील
245 _aमहानायक
_cविश्वास पाटील
260 _c2004
_bराजहंस प्रकाशन
300 _a1012
_bमोठा
600 _aमहानायक
942 _cBOOK
999 _c206164
_d206164